000 00414nam a2200145 4500
999 _c11835
_d11835
008 210112b ||||| |||| 00| 0 eng d
020 _a0333592689
082 0 0 _a338.9
_bS6421
100 _93274
_aSmith, Charles.
245 1 0 _aEconomic development, growth and welfare /
_cby Charles Smith
260 _aLondon:
_bMacmillan,
_c1994
300 _axviii, 163 p.
650 0 _aEconomic development
942 _2ddc
_cBK